01549nam a22001577a 4500008004100000020001800041050002100059100003500080245016100115260013700276300001800413490001800431505087600449650002601325700004001351190410s2012 mx ||||| |||| 00| 0 spa d a978607401661104aJC571bR579 2012 0aRincon Covelli, Tatianaeautor13aLa justicia y las atrocidades del pasadob: teoría y análisis de la justicia transicionalc/ Tatiana Rincón Covelli; coord. Jesús Rodríguez Zepeda aMéxicob: Universidad Autónoma Metropolitana, Unidad Iztapalapa; División de Ciencias Sociales y Humanidades; Porrúac, 2012 a427 páginas a( El Derecho) aEstudio introductorio La justicia transicional: una concepción de la justicia que se hace cargo de atrocidades del pasado En torno a la idea de responsabilidad política Reflexiones sobre el legado de Nuremberg en contextos de victimización horizontal Justicia y paz: los problemas de la justicia transicional en un contexto de guerra Un análisis de las propuestas de paz en el gobierno de Álvaro Uribe Vélez y su impacto en las instituciones y cultura democráticas en Colombia Instituciones de justicia en transición: las reformas al ministerio público en perspectiva comparada Verdad, memoria y democracia en sociedades en transición Agencia, inclusión y el deber de recordar Justicia transicional y democracia Algunas reflexiones acerca del desarrollo de la justicia transicional: esbozo de una teoría normativa de la justicia transicional  0aJUSTICIA TRANSICIONAL aRodríguez Zepeda, Jesúsecoord.